Biggest cities in Brazil - Extreme - Statistics

General Stats
  • This quiz has been taken 240 times
  • The average score is 60 of 200
Answer Stats
# Population City % Correct
3 2,974,000 Brasília
98%
2 6,688,000 Rio de Janeiro
98%
1 12,176,000 São Paulo
98%
6 2,501,000 Belo Horizonte
96%
7 2,145,000 Manaus
93%
9 1,637,000 Recife
93%
5 2,643,000 Fortaleza
92%
4 2,857,000 Salvador
92%
12 1,479,000 Porto Alegre
91%
11 1,485,000 Belém
87%
8 1,917,000 Curitiba
87%
20 877,000 Natal
83%
10 1,495,000 Goiânia
77%
15 1,094,000 São Luís
75%
14 1,094,000 Campinas
72%
48 492,000 Florianópolis
70%
54 432,000 Santos
69%
72 358,000 Vitória
67%
24 800,000 João Pessoa
63%
21 861,000 Teresina
63%
17 1,012,000 Maceió
62%
13 1,365,000 Guarulhos
56%
39 563,000 Londrina
56%
19 885,000 Campo Grande
55%
36 583,000 Joinville
55%
118 242,000 São José
55%
33 648,000 Aracaju
54%
35 607,000 Cuiabá
54%
41 519,000 Porto Velho
52%
30 683,000 Uberlândia
51%
47 493,000 Macapá
50%
18 914,000 Duque de Caxias
49%
67 375,000 Boa Vista
46%
38 564,000 Juiz de Fora
46%
57 417,000 Maringá
46%
42 511,000 Niterói
45%
79 341,000 Pelotas
45%
180 164,000 Caxias
44%
29 694,000 Ribeirão Preto
44%
61 401,000 Rio Branco
44%
89 305,000 Petrópolis
43%
98 280,000 Santa Maria
43%
31 671,000 Sorocaba
43%
141 213,000 Criciúma
42%
91 302,000 Santarém
42%
82 330,000 Uberaba
41%
28 696,000 Osasco
39%
95 291,000 Palmas
39%
74 352,000 Blumenau
38%
138 216,000 Chapecó
38%
34 609,000 Feira de Santana
38%
23 818,000 Nova Iguaçu
38%
115 246,000 Novo Hamburgo
38%
22 833,000 São Bernardo do Campo
38%
16 1,077,000 São Gonçalo
38%
25 716,000 Santo André
37%
26 713,000 São José dos Campos
37%
49 486,000 Vila Velha
37%
59 407,000 Campina Grande
36%
58 414,000 Jundiaí
36%
76 348,000 Ponta Grossa
36%
133 227,000 Presidente Prudente
36%
65 381,000 Anápolis
35%
68 374,000 Bauru
35%
84 324,000 Cascavél
35%
108 258,000 Foz do Iguaçu
35%
64 391,000 Olinda
35%
75 350,000 Franca
34%
45 504,000 Caxias do Sul
33%
86 318,000 Guarujá
33%
139 215,000 Itajaí
33%
103 271,000 Volta Redonda
33%
55 432,000 Betim
32%
100 278,000 Governador Valadares
32%
93 294,000 Mossoró
32%
143 210,000 Rio Grande
32%
52 456,000 São José do Rio Preto
32%
32 659,000 Contagem
31%
60 404,000 Montes Claros
31%
62 400,000 Piracicaba
30%
178 164,000 Ilhéus
29%
112 251,000 Macaé
29%
51 468,000 Mauá
29%
53 440,000 Mogi das Cruzes
29%
78 343,000 Petrolina
29%
200 146,000 Porto Seguro
29%
113 249,000 São Carlos
29%
44 507,000 Serra
29%
46 503,000 Campos dos Goytacazes
28%
135 222,000 Cabo Frio
27%
56 420,000 Diadema
27%
171 172,000 Itu
27%
140 215,000 Juazeiro
27%
125 234,000 São Leopoldo
27%
155 195,000 Araçatuba
26%
107 261,000 Ipatinga
26%
90 303,000 Limeira
26%
85 319,000 Praia Grande
26%
88 311,000 Taubaté
26%
73 356,000 Caruaru
25%
102 275,000 Marabá
25%
150 204,000 Rio Claro
25%
123 237,000 Americana
24%
153 200,000 Angra dos Reis
24%
37 565,000 Aparecida de Goiânia
24%
105 271,000 Barueri
24%
27 697,000 Jaboatão dos Guararapes
24%
40 525,000 Ananindeua
23%
43 508,000 Belford Roxo
23%
109 258,000 Imperatriz
23%
131 228,000 Rondonópolis
23%
162 180,000 Teresópolis
23%
80 338,000 Vitória da Conquista
23%
191 153,000 Paranaguá
22%
122 237,000 Marília
21%
192 152,000 Parnaíba
21%
183 160,000 São Caetano do Sul
21%
124 235,000 Divinópolis
20%
136 220,000 Dourados
20%
159 190,000 Nova Friburgo
20%
127 233,000 Araraquara
19%
94 293,000 Camaçari
19%
77 344,000 Canoas
19%
142 212,000 Itabuna
19%
71 363,000 São Vicente
19%
126 234,000 Itapevi
18%
104 271,000 Juazeiro do Norte
18%
117 243,000 Magé
18%
130 229,000 Rio Verde
18%
92 294,000 Suzano
18%
181 162,000 Nilópolis
17%
110 255,000 Parnamirim
17%
152 201,000 Passo Fundo
17%
147 206,000 Sobral
17%
129 230,000 Arapiraca
16%
70 363,000 Caucaia
16%
69 366,000 Itaquaquecetuba
16%
114 246,000 Indaiatuba
15%
128 231,000 Jacareí
15%
81 331,000 Ribeirão das Neves
15%
121 237,000 Sete Lagoas
15%
199 148,000 Jaú
14%
148 205,000 Cabo de Santo Agostinho
13%
63 398,000 Carapicuíba
13%
106 270,000 Embu das Artes
13%
132 227,000 Hortolândia
13%
120 238,000 Itaboraí
13%
186 157,000 Lages
13%
172 170,000 Linhares
13%
149 205,000 Luziânia
13%
134 226,000 Maracanaú
13%
83 329,000 Paulista
13%
176 166,000 Pindamonhangaba
13%
87 317,000 São José dos Pinhais
13%
101 278,000 Sumaré
13%
119 240,000 Colombo
12%
116 244,000 Cotia
12%
198 148,000 Pouso Alegre
12%
137 218,000 Santa Luzia
12%
50 471,000 São João de Meriti
12%
96 285,000 Taboão da Serra
12%
184 158,000 Teixeira de Freitas
12%
160 183,000 Barra Mansa
11%
190 153,000 Barreiras
11%
145 207,000 Cachoeiro de Itapemirim
11%
66 378,000 Cariacica
11%
163 180,000 Guarapuava
11%
168 174,000 Jaraguá do Sul
11%
196 149,000 Mogi Guaçu
11%
97 282,000 Várzea Grande
11%
175 166,000 Bragança Paulista
10%
99 279,000 Gravataí
10%
169 174,000 Francisco Morato
9%
182 162,000 Itapetininga
9%
173 168,000 Palhoça
9%
177 166,000 Poços de Caldas
9%
197 149,000 Queimados
9%
179 164,000 Valparaíso de Goiás
9%
144 209,000 Alvorada
8%
158 191,000 Ferraz de Vasconcelos
8%
185 157,000 Maricá
8%
111 254,000 Viamão
8%
195 150,000 Alagoinhas
7%
187 156,000 Camaragibe
7%
154 198,000 Castanhal
7%
156 195,000 Lauro de Freitas
7%
167 175,000 Mesquita
7%
161 181,000 Nossa Senhora do Socorro
7%
194 150,000 Patos de Minas
7%
157 192,000 Santa Bárbara do Oeste
7%
165 177,000 Araguaína
6%
193 152,000 Franco da Rocha
6%
151 202,000 Parauapebas
6%
174 167,000 Timon
6%
170 173,000 Itapecerica da Serra
5%
189 155,000 Jequié
5%
166 176,000 São José de Ribamar
5%
146 207,000 Águas Lindas de Goiás
3%
164 179,000 Ibirité
3%
188 156,000 Abaetetuba
1%
No matching quizzes found
Score Distribution
Percent of People with Each Score
Percentile by Number Answered
Your Score History
You have not taken this quiz